| 000 | 00000nam##2200000za#4500 |
| 001 | 9.687187 |
| 003 | CaOODSP |
| 005 | 20210624230850 |
| 007 | cr ||||||||||| |
| 008 | 150407|2004||||xxc|||||o f|0| 0 eng|d |
| 020 | |a0-662-38413-X |
| 040 | |aCaOODSP|beng |
| 043 | |an-cn--- |
| 086 | 1 |aHS28-9/2004E-PDF |
| 110 | 1 |aCanada. |bHuman Resources and Skills Development Canada. |
| 245 | 10|aInternal audit of the implementation of modern management at HRDC |h[electronic resource] |
| 260 | |aOttawa - Ontario : |bHuman Resources and Skills Development Canada |c2004. |
| 590 | |a13-09-Supp|b2013-04-04 |
| 690 | 07|aAudit|2gcpds |
| 690 | 07|aManagement|2gcpds |
| 775 | 08|tVérification interne de la mise en Ĺ“uvre de la gestion moderne à DRHC |w(CaOODSP)9.631648 |
| 856 | 40|ahttp://publications.gc.ca|qPDF|s538 KB|uhttps://publications.gc.ca/collections/collection_2013/rhdcc-hrsdc/HS28-9-2004-eng.pdf |
| 986 | |aSP-609-01-05E |